LIBRARY & INFORMATION CENTRE, KCAET, TAVANUR

ONLINE PUBLIC ACCESS CATALOGUE (OPAC)

Ek anjan aurat ka khat / (Record no. 3601)

MARC details
000 -LEADER
fixed length control field 00467cam a2200193ua 4500
041 ## - LANGUAGE CODE
Language code of text/sound track or separate title hin
082 ## - DEWEY DECIMAL CLASSIFICATION NUMBER
Classification number 891.54
Item number ZWI/EK
100 ## - MAIN ENTRY--AUTHOR NAME
Personal name Zwig, Stephen .
245 ## - TITLE STATEMENT
Title Ek anjan aurat ka khat /
250 ## - EDITION STATEMENT
Edition statement 1 /
260 ## - PUBLICATION, DISTRIBUTION, ETC. (IMPRINT)
Place of publication :
Name of publisher Hind Pocket Books Pvt Ltd ,
Year of publication 1963.
300 ## - PHYSICAL DESCRIPTION
Number of Pages 112 ; .
942 ## - ADDED ENTRY ELEMENTS (KOHA)
Koha item type Books
Holdings
Withdrawn status Lost status Damaged status Home library Current library Date acquired Full call number Accession Number Koha item type
Withdrawn     KAUAET Sanskrit University 07/04/2012 891.54 1886 Books
Withdrawn     KAUAET Sanskrit University 07/04/2012 891.54 1911 Books
free website counter